00582nam a22001697a 450000500170000001000140001702000260003103500130005703700130007008200080008324501650009126000380025627000550029430000250034970000180037470000200039220100804141522.0 aENG-98050 a9788125037767c100.00 aEN-81583 bDBAD/PUB a480 aAdvantage english :bfor student of U.G general english I year nizam college, osmania university, A.P., (India) /cedited by B Yadava Raju [and] C Muralikrishna aHyderabadbOrient Blackswanc2009 a3-6-752 Himayatnagar, HyderabadbHyderabade500029 axi,188p.c21cm (pbk) aB Yadava Raju aC Muralikrishna